| 000 | 00499nam a2200169 4500 | ||
|---|---|---|---|
| 001 | 107159 | ||
| 003 | ES-MaACL | ||
| 005 | 20230906184348.0 | ||
| 007 | t| | ||
| 008 | 061121s1979 sp r ||||1| spa d | ||
| 100 | 1 |
_aMorilla Abad, Ignacio. _983551 |
|
| 245 | 1 | 0 |
_aDiccionario de ingenierĂa de caminos / _cIgnacio Morilla Abad. |
| 260 |
_aMadrid : _bPirĂ¡mide, _c1979. |
||
| 300 |
_a358 p. : _bil. ; _c19 cm. |
||
| 700 | 1 |
_aMorilla Abad, Ignacio. _983551 |
|
| 852 |
_aES-MaACL _jA-10930 _bR.100121 |
||
| 999 |
_c107159 _d107159 |
||